| 000 | 01114nam a2200361 a 4500 | ||
|---|---|---|---|
| 003 | AR-BaBNM | ||
| 005 | 20251128204428.0 | ||
| 008 | 082120s2002 ||||||||||||||000 | spa|| | ||
| 040 | _cAR-BaBNM | ||
| 245 | 0 | 0 | _aTécnicas de evaluación educativa |
| 250 | _a2ª ed. | ||
| 260 |
_aBuenos Aires _bDocencia _c1986 |
||
| 300 |
_a86 p. _bil., diagr. |
||
| 490 | 0 |
_aCongreso pedagógico. Compromiso y creatividad _vv. 57 |
|
| 500 | _aContiene referencias bibliográficas en notas a pie de página | ||
| 650 | 4 | _aPROCESO DE APRENDIZAJE | |
| 650 | 4 | _aMETODOS DE EVALUACION | |
| 650 | 4 | _aTECNICAS DE EVALUACION | |
| 650 | 4 | _aAUTOEVALUACION | |
| 650 | 4 | _aOBJETIVOS EDUCACIONALES | |
| 650 | 4 | _aEXAMENES | |
| 650 | 4 | _aPRUEBAS OBJETIVAS | |
| 650 | 4 | _aPRUEBAS ESCOLARES | |
| 650 | 4 | _aPRUEBAS DE RENDIMIENTO | |
| 650 | 4 | _aELABORACION DE PRUEBAS | |
| 700 | 1 | _aBeltrán de Tena, Rosario | |
| 700 | 1 | _aEscudero Muñoz, Juan Manuel | |
| 700 | 1 | _aMartínez Sánchez, Amparo | |
| 700 | 1 | _aRodríguez Dieguez, José Luis | |
| 800 | 1 |
_aGómez de Mier, Eugenio _ecoordinador |
|
| 942 | _cBK | ||
| 998 | _cSILVI | ||
| 999 |
_c7393 _d7393 |
||